Statistieken voor Dagen van de week (15 sec. sprint)

Klik hier om de quiz te nemen!

Algemene statistieken

  • Deze quiz is 454 keer genomen
  • De gemiddelde score is 6 van 7

Antwoordstatistieken

Dagen van de week% Correct
Maandag
100%
Dinsdag
95%
Woensdag
93%
Donderdag
86%
Vrijdag
86%
Zaterdag
81%
Zondag
76%

Scoreverdeling

Percentiel versus Aantal Correcte Antwoorden

Procent van Mensen met Elke Score

Uw Scoregeschiedenis

U heeft deze quiz nog niet genomen